[Event "Nordic Championship"]
[Site "Vaxjo"]
[Date "2017.07.02"]
[Round "9.12"]
[White "Johansson, Carl Fredrik"]
[Black "Smith, Axel"]
[Result "0-1"]
[WhiteElo "2173"]
[BlackElo "2505"]

1.d4 Nf6 2.c4 g6 3.Nc3 Bg7 4.e4 d6 5.Nge2 Nbd7 6.Ng3 h5 7.h4 c5 8.d5 O-O 
9.Be2 Ne5 10.Bg5 Nh7 11.Be3 a6 12.Qd2 b5 13.cxb5 axb5 14.Nxb5 Ba6 15.O-O 
Bxb5 16.Bxb5 Ng4 17.Bf4 Bf6 18.Be2 Qa5 19.Bxg4 Qxd2 20.Bxd2 hxg4 21.Bc3 
Bxh4 22.Rfe1 Ra7 23.e5 dxe5 24.Ne4 c4 25.Bxe5 Rd8 26.g3 Bg5 27.Red1 Rad7 
28.d6 f6 29.Bc3 f5 30.Nxg5 Nxg5 31.Ba5 Rb8 32.dxe7 Rxe7 33.Kg2 Re2 34.Rd2 
Rxb2 35.Rxe2 Rxe2 36.a4 Ne4 37.Bb6 c3 38.a5 Nd6 39.a6 Re8 40.a7 Ra8 41.Kf1
Nc8 42.Be3 c2 43.Rc1 Nxa7 44.Bxa7 Rxa7 45.Rxc2 Kg7 46.Kg2 Kf6 47.f3 gxf3+ 
48.Kxf3 Ra3+ 49.Kf2 Ke5 50.Re2+ Kd4 51.Rd2+ Rd3 52.Ra2 Ke4 53.Re2+ Kd5 54.
Ra2 Ke5 55.Re2+ Kf6 56.Ra2 g5 57.Rb2 Ke5 58.Re2+ Kd4 59.Ra2 Rc3 60.Re2 Rc5
61.Rd2+ Ke4 62.Re2+ Kd3 63.Re3+ Kd4 64.Re2 Rd5 65.Re8 Kc3 66.Rc8+ Kd2 67.
Re8 Kc2 68.Rc8+ Kd1 69.Re8 Rd2+ 70.Kf1 Rd5 71.Kf2 Kc2 72.Rc8+ Kd3 73.Re8 
Ra5 74.Rd8+ Ke4 75.Re8+ Kd4 76.Rd8+ Ke5 77.Re8+ Kf6 78.Re2 Kg6 79.Rb2 Ra4 
80.Rc2 Kh5 81.Kg2 Kg4 82.Rb2 Rd4 83.Ra2 Rc4 84.Rb2 Ra4 85.Rc2 Ra3 86.Rc4+ 
f4 87.gxf4 gxf4 88.Rc2 Rg3+ 89.Kf2 Rh3 90.Rc8 Rh2+ 91.Kg1 Re2 92.Rc3 Re3 
93.Rc2 Kg3 94.Rg2+ Kf3 95.Rf2+ Ke4 96.Ra2 Kf3 97.Rf2+ Kg4 98.Rg2+ Kh3 99.
Rh2+ Kg4 100.Rg2+ Kf5 101.Rb2 Rd3 102.Kf2 Kg4 103.Kg2 Rg3+ 104.Kf2 Rh3 
105.Rb8 Rh2+ 106.Kg1 Re2 107.Rb3 Re3 108.Rb2 Rd3 109.Kg2 Rc3 110.Ra2 Rg3+ 
111.Kf2 Rh3 112.Ra8 Rh2+ 113.Kg1 Re2 114.Ra3 Re3 115.Ra2 Rh3 116.Rb2 Kg3 
117.Rg2+ Kf3 118.Rf2+ Ke3 119.Ra2 Rf3 120.Ra3+ Ke4 121.Ra4+ Kf5 122.Ra2 
Kg4 123.Rg2+ Rg3 124.Kf2 Kh3 125.Kg1 Kg4 126.Kf2 Kh3 0-1

[Event "Nordic Championship"]
[Site "Vaxjo"]
[Date "2017.07.02"]
[Round "9.13"]
[White "Brynell, Stellan"]
[Black "Krantz, Christopher"]
[Result "1-0"]
[WhiteElo "2434"]
[BlackElo "2200"]

1.d4 Nf6 2.Nf3 d5 3.c4 e6 4.Nc3 Bb4 5.e3 O-O 6.Bd3 b6 7.O-O Ba6 8.cxd5 
exd5 9.Bxa6 Nxa6 10.Qa4 Qc8 11.Bd2 Re8 12.Rfc1 Bf8 13.Ne2 c5 14.dxc5 bxc5 
15.Bc3 Ne4 16.Nf4 Nxc3 17.bxc3 Nc7 18.Rd1 Rd8 19.Rab1 Rd6 20.h3 Ra6 21.Qc2
Rd6 22.Qa4 Ra6 23.Qc2 Rd6 24.c4 dxc4 25.Qxc4 Rb8 26.Qc2 Rxd1+ 27.Rxd1 Ne6 
28.Nxe6 Qxe6 29.Rc1 Qf6 30.Qe4 Qb2 31.Qc2 Qf6 32.Qc4 Rb4 33.Qd5 Rb2 34.Rd1
g6 35.Rd2 Rb1+ 36.Rd1 Rb2 37.a4 Kg7 38.Nd2 Rb4 39.a5 Ra4 40.Nc4 Be7 41.f4 
Qe6 42.Qxe6 fxe6 43.Rd7 Kf8 44.Ne5 Rxa5 45.Kf2 Ra2+ 46.Kf3 a5 47.Ra7 a4 
48.g4 Ra1 49.Nc4 Bf6 50.Ke4 Bc3 51.Nb6 a3 52.Nd7+ Ke8 53.Nxc5 Bb2 54.Nxe6 
Re1 55.f5 gxf5+ 56.gxf5 Bc1 57.f6 Rxe3+ 58.Kd5 Rd3+ 59.Kc6 Rc3+ 60.Kb5 1-0

[Event "Nordic Championship"]
[Site "Vaxjo"]
[Date "2017.07.02"]
[Round "9.14"]
[White "Lindgren, Philip"]
[Black "Johansson, Thomas"]
[Result "1/2-1/2"]
[WhiteElo "2420"]
[BlackElo "2205"]

1.Nf3 d5 2.d4 Nf6 3.c4 c6 4.Nc3 a6 5.e3 g6 6.Be2 Bg7 7.O-O O-O 8.b3 Bf5 9.
Bb2 Ne4 10.Nxe4 Bxe4 11.Rc1 Nd7 12.Qd2 Bxf3 13.Bxf3 Nf6 14.cxd5 Nxd5 15.
Ba3 Re8 16.e4 Nc7 17.d5 cxd5 18.exd5 Nb5 19.Bc5 Qd7 20.a4 Nd6 21.Qb4 h5 
22.a5 Rac8 23.Qf4 Kh7 24.Rc2 Qf5 25.Qxf5 Nxf5 26.Rc4 Nd6 27.Rc2 Nf5 28.Rc4
Nd6 29.Rc2 Nf5 30.Rc4 Nd6 1/2-1/2

[Event "Nordic Championship"]
[Site "Vaxjo"]
[Date "2017.07.02"]
[Round "9.15"]
[White "Hansen, Mads"]
[Black "Nygren, Kim"]
[Result "1-0"]
[WhiteElo "2414"]
[BlackElo "2184"]

1.e4 e5 2.Nf3 Nc6 3.Bc4 g6 4.c3 Bg7 5.d4 d6 6.O-O Nh6 7.h3 O-O 8.Bg5 Qe8 
9.Qc1 Ng4 10.hxg4 Bxg4 11.Nh2 Bd7 12.dxe5 Nxe5 13.Be2 f5 14.exf5 Rxf5 15.
Na3 Bc6 16.Nc2 Nf7 17.Be3 Qe4 18.f3 Qh4 19.Bf2 Qe7 20.Ne3 Rh5 21.f4 1-0

[Event "Nordic Championship"]
[Site "Vaxjo"]
[Date "2017.07.02"]
[Round "9.16"]
[White "Kenneskog, Theodor"]
[Black "Storme, Isak"]
[Result "1/2-1/2"]
[WhiteElo "2318"]
[BlackElo "2129"]

1.d4 Nf6 2.c4 c5 3.d5 e6 4.Nc3 exd5 5.cxd5 d6 6.e4 g6 7.Nge2 Bg7 8.f3 O-O 
9.Ng3 Nh5 10.Nxh5 gxh5 11.Bd3 Nd7 12.O-O Ne5 13.Be2 f5 14.exf5 Bxf5 15.Be3
Qf6 16.Qd2 Qg6 17.Rad1 a6 18.Kh1 b5 19.b3 Rae8 20.Rfe1 Bc2 21.Rc1 Bd3 22.
f4 Bxe2 23.fxe5 Bg4 24.exd6 Qxd6 25.Ne2 Rf5 26.Nc3 b4 27.Na4 Qxd5 28.h3 
Qxd2 29.Bxd2 Rxe1+ 30.Rxe1 Rd5 31.Be3 Rd1 32.Rxd1 Bxd1 33.Nxc5 a5 34.Na4 
Bc2 35.Bb6 Bb1 36.Bxa5 Bxa2 37.Bxb4 Bxb3 38.Nc5 Bd5 39.Nd3 Be4 40.Nf4 Bg6 
41.Bd6 1/2-1/2

[Event "Nordic Championship"]
[Site "Vaxjo"]
[Date "2017.07.02"]
[Round "9.17"]
[White "Wahlund, Max"]
[Black "Thogersen, Rasmus"]
[Result "0-1"]
[WhiteElo "2142"]
[BlackElo "2222"]

1.d4 Nf6 2.c4 g6 3.g3 Bg7 4.Bg2 O-O 5.Nf3 d6 6.O-O Nc6 7.Nc3 a6 8.Bf4 h6 
9.h3 Nh5 10.Be3 f5 11.Qd2 g5 12.d5 Na5 13.b3 c5 14.dxc6 Nxc6 15.g4 fxg4 
16.hxg4 Bxg4 17.Rad1 Qd7 18.Nh2 Bh3 19.c5 Be5 20.f3 Kh8 21.Ne4 Qf5 22.Rf2 
d5 23.Bxg5 0-1

[Event "Nordic Championship"]
[Site "Vaxjo"]
[Date "2017.07.02"]
[Round "9.18"]
[White "Rishovd, Svein"]
[Black "Pantzar, Milton"]
[Result "1/2-1/2"]
[WhiteElo "2092"]
[BlackElo "2313"]

1.d4 Nf6 2.c4 e6 3.Nf3 d5 4.g3 Bb4+ 5.Bd2 Bd6 6.Nc3 c6 7.Bg5 h6 8.Bxf6 
Qxf6 9.e4 dxe4 10.Nxe4 Bb4+ 11.Nc3 O-O 12.a3 Ba5 13.b4 Bc7 14.Bg2 Nd7 15.
O-O e5 16.d5 Nb6 17.d6 Bd8 18.c5 Nd7 19.Re1 Re8 20.Bh3 b6 21.Nd4 Nf8 22.
Ne4 Qg6 23.d7 Bxd7 24.Bxd7 Nxd7 25.Nd6 Rf8 26.Nxc6 bxc5 27.bxc5 Nxc5 28.
Qd5 Nd7 29.Rad1 Bf6 30.Ne4 Nb6 31.Qb5 Qf5 32.Nd6 Qf3 33.Rd3 a6 34.Rxf3 
axb5 35.Nxb5 Nc4 36.Rc3 Ra4 37.Re4 Nb6 38.Rce3 Rfa8 39.Nd6 Rxa3 40.Rxa3 
Rxa3 41.Nxe5 Ra7 42.Nec4 1/2-1/2

[Event "Nordic Championship"]
[Site "Vaxjo"]
[Date "2017.07.02"]
[Round "9.19"]
[White "Pettersson, Anders"]
[Black "Tuomainen, Felix"]
[Result "0-1"]
[WhiteElo "2057"]
[BlackElo "2294"]

1.d4 d5 2.c4 c6 3.Nc3 Nf6 4.Nf3 e6 5.Bg5 Nbd7 6.e3 Qa5 7.Bxf6 Nxf6 8.Nd2 
Bb4 9.Qc2 O-O 10.Bd3 c5 11.Nb3 Qc7 12.dxc5 dxc4 13.Bxc4 b6 14.O-O Ng4 15.
g3 Bb7 16.e4 Bxc5 17.Nxc5 Qxc5 18.Be2 Qh5 19.Bxg4 Qxg4 20.f3 Qg5 21.Qf2 
Rfd8 22.Rfd1 h6 23.Rxd8+ Rxd8 24.Rd1 Rxd1+ 25.Nxd1 Qc1 26.Qe2 Ba6 27.Qxa6 
Qxd1+ 28.Qf1 Qc2 29.Qf2 Qb1+ 30.Kg2 Qxa2 31.Qd4 Qb3 32.e5 Qc2+ 33.Kh3 Qe2 
34.f4 Qf1+ 35.Kh4 Qe2 36.Kh3 Qf1+ 37.Kh4 Qg2 38.h3 Qb7 39.b4 Qd5 40.Qc3 
Qd8+ 41.Kg4 a5 42.bxa5 bxa5 43.Qc6 g6 44.h4 h5+ 45.Kh3 Kg7 46.Qa6 Qd5 47.
Kh2 Qa2+ 48.Kg1 a4 49.Qa7 Qb1+ 50.Kf2 Qb4 51.Qd7 a3 52.Qd8 Qf8 53.Qa5 Qe7 
54.Ke2 f6 55.exf6+ Kxf6 56.Kf2 Qd6 57.Ke2 e5 58.Ke3 Qd4+ 59.Ke2 Qb2+ 60.
Kf3 Qb3+ 61.Ke4 Qc2+ 62.Ke3 exf4+ 63.gxf4 Qb3+ 64.Ke4 Qe6+ 65.Kf3 a2 66.
Qc3+ Kf7 67.Qc7+ Kg8 68.Qb8+ Kg7 69.Qb2+ Kh7 70.Qb7+ Kh6 71.Qb2 Qc6+ 72.
Kg3 Qa8 73.Qa1 Kh7 74.Kf2 Qa3 75.Kg2 Qa4 76.Kg3 Qb3+ 77.Kf2 Qb1 0-1

[Event "Nordic Championship"]
[Site "Vaxjo"]
[Date "2017.07.02"]
[Round "9.20"]
[White "Vernersson, Per"]
[Black "Olofsson-Dolk, Mattis"]
[Result "1-0"]
[WhiteElo "2290"]
[BlackElo "2203"]

1.d4 Nf6 2.c4 g6 3.Nc3 d5 4.Nf3 Bg7 5.Bg5 Ne4 6.cxd5 Nxg5 7.Nxg5 e6 8.Nf3 
exd5 9.e3 O-O 10.Rc1 c6 11.Bd3 a5 12.O-O Re8 13.a3 Bf8 14.h3 Nd7 15.Rb1 
Nf6 16.Ne5 Nd7 17.Nf3 Nf6 18.Qc2 Bd6 19.Rfe1 Qe7 20.Na4 Ne4 21.Nb6 Rb8 22.
Qa4 Bc7 23.Nxc8 Rbxc8 24.Qc2 f5 25.g3 Kh8 26.Bf1 Bd6 27.Bg2 Rf8 28.Nh2 Qc7
29.Nf1 g5 30.Re2 Rce8 31.Rbe1 h5 32.Kh1 h4 33.gxh4 g4 34.f3 gxf3 35.Bxf3 
Bg3 36.Rc1 Bxh4 37.Rg2 Rg8 38.Bxe4 fxe4 39.Qe2 Qf7 40.Nh2 Bd8 41.Rf1 Qh7 
42.Ng4 Re6 43.Ne5 Bf6 44.Rxg8+ Kxg8 45.Qg4+ 1-0

[Event "Nordic Championship"]
[Site "Vaxjo"]
[Date "2017.07.02"]
[Round "9.21"]
[White "Neretljak, Nedzad"]
[Black "Keinanen, Toivo"]
[Result "0-1"]
[WhiteElo "2083"]
[BlackElo "2287"]

1.e4 c5 2.Nf3 g6 3.c3 Bg7 4.d4 cxd4 5.cxd4 d5 6.Bb5+ Bd7 7.Qb3 dxe4 8.Ng5 
Nh6 9.Nxe4 Nf5 10.Be3 Nc6 11.Nc5 Nfxd4 12.Qc4 Qa5+ 13.Nc3 Nxb5 14.O-O-O 
Nxc3 15.Rxd7 Qxa2 16.Qd3 Qa1+ 17.Kd2 Qxb2+ 18.Ke1 O-O 0-1

[Event "Nordic Championship"]
[Site "Vaxjo"]
[Date "2017.07.02"]
[Round "9.22"]
[White "Crevatin, Leo"]
[Black "Wengholm, Anders"]
[Result "1/2-1/2"]
[WhiteElo "2044"]
[BlackElo "2209"]

1.d4 Nf6 2.c4 e6 3.Nf3 Bb4+ 4.Bd2 Qe7 5.a3 Bxd2+ 6.Nbxd2 O-O 7.e3 d6 8.Qc2
e5 9.O-O-O c5 10.dxe5 dxe5 11.Bd3 Ng4 12.Bxh7+ Kh8 13.Ne4 g6 14.Neg5 e4 
15.Qxe4 Qxe4 16.Nxe4 Kxh7 17.h3 Nh6 18.Nxc5 b6 19.Nd3 Nc6 20.b3 Bb7 21.Kb2
Rad8 22.Nf4 Rxd1 23.Rxd1 Rd8 24.Nd5 Kg7 25.Ng5 Bc8 26.Kc3 f5 27.Re1 Nf7 
28.Nf3 Nd6 29.Nd4 Ne4+ 30.Kc2 Nxd4+ 31.exd4 Be6 32.Nc7 Bf7 33.f3 Nf6 34.
Kc3 Rd7 35.Ne6+ Bxe6 36.Rxe6 Kf7 37.d5 Nh5 38.Re1 Re7 39.Rxe7+ Kxe7 40.g4 
fxg4 41.fxg4 Nf4 42.h4 Kf6 43.h5 gxh5 44.gxh5 Nxh5 45.Kb4 a6 46.c5 bxc5+ 
47.Kxc5 Ke7 48.Kb6 Nf6 49.Kxa6 Nxd5 50.b4 Kd7 51.a4 Nxb4+ 1/2-1/2

[Event "Nordic Championship"]
[Site "Vaxjo"]
[Date "2017.07.02"]
[Round "9.23"]
[White "Fors, Tomas"]
[Black "Fernandez, Juan Pablo"]
[Result "1-0"]
[WhiteElo "2157"]
[BlackElo "2045"]

1.d4 Nf6 2.c4 e6 3.Nc3 Bb4 4.e3 b6 5.Ne2 Ba6 6.a3 Bxc3+ 7.Nxc3 d5 8.Qa4+ 
Qd7 9.Qxd7+ Kxd7 10.b3 c6 11.Bd2 Kc7 12.Rc1 Kb7 13.f3 Nbd7 14.Kf2 Rac8 15.
Be2 Rhe8 16.g4 Rf8 17.g5 Ne8 18.cxd5 exd5 19.Bxa6+ Kxa6 20.Nxd5 Kb7 21.Ne7
Rc7 22.Nf5 f6 23.Bb4 c5 24.dxc5 bxc5 25.Ba5 Rc6 26.Rhd1 Ne5 27.Bc3 fxg5 
28.Bxe5 Rxf5 29.f4 gxf4 30.exf4 Nf6 31.Rg1 g5 32.Kf3 gxf4 33.Rg7+ Kb6 34.
Bb8 Re6 35.Bxa7+ Kc6 36.Rc3 Ne4 37.Rd3 h5 38.Bb8 Ng5+ 39.Kf2 f3 40.Rc7+ 
Kb6 41.Rdd7 Ne4+ 42.Kf1 Nd6 43.a4 f2 44.Ba7+ Ka5 45.Rxc5+ Kb4 46.Rxf5 Nxf5
47.Rb7+ Ka3 48.Bxf2 1-0

[Event "Nordic Championship"]
[Site "Vaxjo"]
[Date "2017.07.02"]
[Round "9.24"]
[White "Helin, Mikael"]
[Black "Thornblad, Erik"]
[Result "1-0"]
[WhiteElo "1861"]
[BlackElo "2107"]

1.e4 e5 2.f4 d5 3.exd5 exf4 4.Nf3 Nf6 5.Bc4 Nxd5 6.O-O Be6 7.Bb5+ c6 8.Be2
Bd6 9.b3 O-O 10.Bb2 c5 11.c4 Nf6 12.Nc3 Nc6 13.Nb5 Bb8 14.d4 cxd4 15.Nbxd4
Qb6 16.Qc2 Bd6 17.Kh1 Nb4 18.Qb1 Rfe8 19.Ng5 Be5 20.Ngf3 Bd6 21.a3 Na6 22.
b4 Qd8 23.c5 Bc7 24.Bd3 h6 25.Nxe6 Rxe6 26.Bc4 Re3 27.Qg6 Qe7 28.Bd4 Kf8 
29.Qc2 Rd8 30.c6 Rxf3 31.gxf3 Rxd4 32.cxb7 Nb8 33.Rae1 Qd7 34.Bb5 Rd2 35.
Qc5+ Qd6 36.Rc1 Bb6 37.Qc8+ Qd8 38.Rcd1 Rd5 39.Rfe1 a6 40.Rxd5 Nxd5 41.
Re8+ 1-0

[Event "Nordic Championship"]
[Site "Vaxjo"]
[Date "2017.07.02"]
[Round "9.25"]
[White "Carlsson, Ludvig"]
[Black "Karlsson, Ulf"]
[Result "1-0"]
[WhiteElo "2088"]
[BlackElo "2027"]

1.Nf3 c5 2.c4 e6 3.Nc3 Nc6 4.g3 Nf6 5.Bg2 d5 6.cxd5 exd5 7.d4 Be7 8.O-O 
O-O 9.dxc5 Bxc5 10.Na4 Be7 11.Be3 Bg4 12.Rc1 Qd7 13.Nc5 Bxc5 14.Bxc5 Rfd8 
15.Nd4 Bh3 16.Nxc6 bxc6 17.Bd4 Bxg2 18.Kxg2 Ne4 19.Qa4 Rdc8 20.Rc2 Qe6 21.
Rfc1 c5 22.Bxc5 Nxc5 23.Rxc5 Rxc5 24.Rxc5 Qxe2 25.Rxd5 Qxb2 26.Qxa7 Re8 
27.Qe3 Rc8 28.Qe7 h6 29.Rd8+ Rxd8 30.Qxd8+ Kh7 31.Qd5 f6 32.a4 Qb6 33.a5 
Qa6 34.h4 g5 35.h5 Kg7 36.Qd7+ Kf8 37.Qd8+ Kf7 38.Qb6 Qa8+ 39.Kh2 Qf3 40.
a6 Qxh5+ 41.Kg2 g4 42.Qb7+ 1-0

[Event "Nordic Championship"]
[Site "Vaxjo"]
[Date "2017.07.02"]
[Round "9.26"]
[White "Petersson, Baldur Teodor"]
[Black "Alquist, Erik"]
[Result "1-0"]
[WhiteElo "2086"]
[BlackElo "2040"]

1.e4 c5 2.Nc3 a6 3.g3 b5 4.a3 Bb7 5.Bg2 e6 6.f4 Nf6 7.d3 d5 8.e5 Nfd7 9.
Nf3 Nc6 10.O-O Be7 11.Bd2 O-O 12.Qe1 Qc7 13.g4 Rae8 14.g5 b4 15.axb4 cxb4 
16.Nd1 a5 17.Kh1 Bc5 18.Be3 Ne7 19.Bxc5 Nxc5 20.Nd4 Nf5 21.Nxf5 exf5 22.
Ne3 b3 23.Qxa5 Rc8 24.d4 Ne4 25.c3 Qd7 26.Qa4 Bc6 27.Qa7 Qe6 28.Ra6 Ra8 
29.Qb6 Rxa6 30.Qxa6 Ra8 31.Qb6 h6 32.Nxf5 Qxf5 33.Qxc6 Rc8 34.Qxd5 Nd2 35.
Rg1 h5 36.e6 Qxe6 37.Qxe6 fxe6 38.Re1 Rf8 39.Rxe6 Nc4 40.Bd5 1-0

[Event "Nordic Championship"]
[Site "Vaxjo"]
[Date "2017.07.02"]
[Round "9.27"]
[White "Stolpe, Kjell"]
[Black "Emmoth, Alfons"]
[Result "0-1"]
[WhiteElo "1622"]
[BlackElo "2053"]

1.d3 d5 2.Nf3 Nf6 3.Nbd2 c5 4.e4 e6 5.Be2 Nc6 6.c3 Be7 7.Qc2 b6 8.Nf1 Bb7 
9.e5 Nd7 10.d4 Rc8 11.Qd1 a6 12.Bd3 b5 13.h4 Qb6 14.Be3 a5 15.g4 b4 16.g5 
Ba6 17.Qe2 Bxd3 18.Qxd3 bxc3 19.bxc3 cxd4 20.Rb1 Qc7 21.cxd4 Nb4 22.Rxb4 
Bxb4+ 23.N3d2 Qc2 24.Qa6 O-O 25.Ng3 Qxa2 26.Qb7 Rc2 27.Nf1 Qc4 28.f4 Qc6 
29.Qxc6 Rxc6 30.Kf2 a4 31.Ng3 Rc2 32.Ke2 a3 33.Kd3 Rfc8 0-1

[Event "Nordic Championship"]
[Site "Vaxjo"]
[Date "2017.07.02"]
[Round "9.28"]
[White "Green, Per"]
[Black "Nebrin, Johan"]
[Result "1/2-1/2"]
[WhiteElo "1965"]
[BlackElo "1834"]

1.c4 Nf6 2.Nf3 g6 3.b4 Bg7 4.Bb2 O-O 5.g3 d5 6.cxd5 Nxd5 7.Bxg7 Kxg7 8.Qb3
Qd6 9.Qb2+ Qf6 10.d4 Qb6 11.a3 a5 12.b5 a4 13.Nbd2 c6 14.e4 Nc7 15.Rb1 Bd7
16.bxc6 Qxb2 17.Rxb2 bxc6 18.Bd3 Nba6 19.Ne5 Rfd8 20.Bc4 f6 21.Nxd7 Rxd7 
22.Nf3 Ne8 23.Rb6 Nac7 24.Rxc6 Nd6 25.e5 Nxc4 26.Rxc4 Nb5 27.e6 Rd6 28.d5 
Rxd5 29.Rb4 Nxa3 30.O-O Rb5 31.Rd4 Rb6 32.Ra1 Nc2 33.Rdxa4 Rxa4 34.Rxa4 
Rxe6 35.h4 Ne1 36.Nxe1 Rxe1+ 37.Kg2 h5 38.Ra6 Kf7 39.Rb6 Re6 40.Rb7 g5 41.
hxg5 fxg5 42.Rb8 g4 43.Rb5 Kg6 44.Ra5 Rf6 45.Rb5 e6 46.Re5 Kh6 47.Kg1 Kg6 
1/2-1/2

[Event "Nordic Championship"]
[Site "Vaxjo"]
[Date "2017.07.02"]
[Round "9.29"]
[White "Sjostrand, Joel"]
[Black "Eriksson, Per"]
[Result "1/2-1/2"]
[WhiteElo "1890"]
[BlackElo "1891"]

1.c4 Nf6 2.g3 c5 3.Bg2 d5 4.cxd5 Nxd5 5.Nc3 Nc7 6.Nf3 Nc6 7.Qa4 Bd7 8.O-O 
Rb8 9.d3 b5 10.Qh4 e5 11.Qxd8+ Rxd8 12.a4 a6 13.axb5 axb5 14.Be3 f6 15.Nd2
Nd4 16.Ra7 Nce6 17.Bxd4 cxd4 18.Nd5 Bc5 19.Rb7 O-O 20.Rc1 f5 21.g4 g6 22.
g5 Bc6 23.Ne7+ Bxe7 24.Rxc6 Bxg5 25.Nf3 e4 26.Nxg5 Nxg5 27.h4 exd3 28.exd3
Nf7 29.Rxb5 Kg7 30.Rb7 Rb8 31.Ra7 Rbc8 32.Rxc8 Rxc8 33.Kf1 Rf8 34.Bd5 Kf6 
35.Rxf7+ Rxf7 36.Bxf7 Kxf7 37.Ke2 Ke6 38.f4 Kd5 39.Kd2 Kc5 40.Kc2 Kb4 41.
Kd2 Kb3 42.Kc1 Ka4 43.Kc2 Kb4 44.Kd2 Ka4 45.Kc2 1/2-1/2

[Event "Nordic Championship"]
[Site "Vaxjo"]
[Date "2017.07.02"]
[Round "9.30"]
[White "Ranby, Hans"]
[Black "Knoppel, Bjorn"]
[Result "1-0"]
[WhiteElo "1873"]
[BlackElo "1805"]

1.Nf3 Nf6 2.g3 g6 3.Bg2 Bg7 4.O-O O-O 5.c4 d6 6.Nc3 c6 7.d4 Nbd7 8.Bg5 h6 
9.Bxf6 Bxf6 10.Qd2 Bg7 11.Rab1 a5 12.e4 e5 13.Rbd1 Qe7 14.Qc2 Nf6 15.h3 
Re8 16.Rd2 Qc7 17.Rfd1 b6 18.dxe5 dxe5 19.b3 Bb7 20.Qd3 Bf8 21.Qe2 Bb4 22.
Rd3 Rad8 23.Qc2 Bxc3 24.Qxc3 Nxe4 25.Qxe5 Rxe5 26.Rxd8+ Kg7 27.R1d7 Re7 
28.Rxc7 Rxc7 29.Ne5 Nc5 30.Rd6 Re7 31.Nxc6 Re1+ 32.Kh2 Re2 33.Nd8 Bxg2 34.
Kxg2 Ne4 35.Kf3 Nxd6 36.Kxe2 Kf6 37.Kd3 Ke7 38.Nc6+ Kd7 39.Ne5+ Ke6 40.Nf3
f5 41.Nd4+ Kd7 42.f3 Nb7 43.Ke3 a4 44.b4 Nd6 45.Kd3 Nf7 46.f4 Nd6 47.g4 
fxg4 48.hxg4 h5 49.f5 hxg4 50.fxg6 Ke7 51.c5 bxc5 52.bxc5 Ne8 53.Nf5+ Ke6 
54.g7 Nxg7 55.Nxg7+ Kd5 56.Nh5 Kxc5 57.Kc3 Kb5 58.Ng3 Ka5 59.Kc4 a3 60.Kb3
Kb5 61.Kxa3 Ka5 62.Kb3 Kb5 63.Ne2 Ka5 64.Kc3 Ka4 65.Kd3 Ka3 66.Nc1 1-0

[Event "Nordic Championship"]
[Site "Vaxjo"]
[Date "2017.07.02"]
[Round "9.31"]
[White "Knutsson, Hakan"]
[Black "Buchert, Vitus"]
[Result "1/2-1/2"]
[WhiteElo "1880"]
[BlackElo "1970"]

1.e4 c5 2.Nf3 d6 3.d4 cxd4 4.Nxd4 Nf6 5.Nc3 g6 6.Be3 Bg7 7.f3 O-O 8.Qd2 
Nc6 9.O-O-O d5 10.exd5 Nxd5 11.Nxc6 bxc6 12.Bd4 Bxd4 13.Qxd4 Qb6 14.Na4 
Qxd4 15.Rxd4 h5 16.Rd2 Bf5 17.Bc4 Nb6 18.Bb3 Rfd8 19.Rhd1 Rxd2 20.Rxd2 Kg7
21.Nc5 a5 22.Na4 Nxa4 23.Bxa4 Rc8 24.c3 Kf6 25.b4 axb4 26.cxb4 Rb8 27.a3 
c5 28.Bc2 cxb4 29.Bxf5 Kxf5 30.a4 Ra8 31.Ra2 b3 32.Ra3 Rc8+ 33.Kb2 Rc2+ 
34.Kxb3 Rxg2 35.a5 Rxh2 36.a6 Rd2 37.a7 Rd8 38.a8=Q Rxa8 39.Rxa8 Kf4 40.
Ra7 Kxf3 41.Rxe7 f6 42.Rg7 h4 43.Rxg6 h3 44.Kc3 h2 45.Rh6 Kg2 46.Kd3 h1=Q 
47.Rxh1 Kxh1 48.Ke4 f5+ 49.Kxf5 1/2-1/2

[Event "Nordic Championship"]
[Site "Vaxjo"]
[Date "2017.07.02"]
[Round "9.32"]
[White "Svensson, Bengt"]
[Black "Nilsson, Mattias"]
[Result "1/2-1/2"]
[WhiteElo "1784"]
[BlackElo "1947"]

1.e4 e5 2.Nc3 Nf6 3.Bc4 Bc5 4.d3 h6 5.h3 O-O 6.Nge2 Nc6 7.a3 d6 8.Na4 Bb6 
9.Nxb6 axb6 10.Nc3 Be6 11.Nd5 Bxd5 12.exd5 Ne7 13.Qf3 Qd7 14.Bxh6 Nf5 15.
Be3 b5 16.Bb3 Rfe8 17.O-O c5 18.c3 Kf8 19.Rfe1 Nxe3 20.Rxe3 Ke7 21.d4 Kd8 
22.dxe5 dxe5 23.Rae1 c4 24.Bc2 Ra6 25.Rxe5 Rxe5 26.Rxe5 Rd6 27.Bf5 Qc7 28.
Be4 Kc8 29.Qf5+ Kb8 30.g4 g6 31.Qf3 Qd7 32.Qe3 Qc7 33.g5 Nh5 34.Re8+ Rd8 
35.Rxd8+ Qxd8 36.Bf3 Ka8 37.Bxh5 gxh5 38.Qe5 h4 39.d6 Qd7 40.Kg2 Qc6+ 41.
f3 Qd7 42.Qe7 Qf5 43.Qe4 Qxg5+ 44.Qg4 Qd2+ 45.Kf1 Qc1+ 46.Ke2 Qxb2+ 47.Kd1
Qb1+ 48.Ke2 Qd3+ 49.Kf2 Qd2+ 50.Kf1 Qd1+ 1/2-1/2

[Event "Nordic Championship"]
[Site "Vaxjo"]
[Date "2017.07.02"]
[Round "9.35"]
[White "Fakhr Eldin, Majed"]
[Black "Sukhayanudit, Apichai"]
[Result "0-1"]
[WhiteElo "1450"]
[BlackElo "1819"]

1.e4 e5 2.Nf3 Nc6 3.Bb5 a6 4.Ba4 Nge7 5.O-O Ng6 6.c3 b5 7.Bb3 Na5 8.d4 
Nxb3 9.Qxb3 d6 10.Be3 Be6 11.d5 Bg4 12.Nbd2 c5 13.a4 Bd7 14.axb5 axb5 15.
Qc2 Be7 16.b4 Rc8 17.bxc5 dxc5 18.c4 O-O 19.cxb5 Bxb5 20.Rfb1 Be2 21.Ne1 
Bg4 22.Nc4 f5 23.f3 f4 24.Bf2 Bh5 25.Nd3 Bd6 26.Ra6 Rf6 27.Qc3 Rb8 28.Rba1
Bf8 29.Ra7 Rb5 30.Ncxe5 Rfb6 31.h3 Rb3 32.Qc1 Qg5 33.Nxg6 Rxg6 34.Ne1 Bxf3
35.h4 Qg4 36.Qc4 Bxg2 37.Qxb3 Bf3+ 38.Kh2 Bxe4 39.d6+ Kh8 40.d7 Qe2 41.Qf3
Bxf3 42.R1a2 Qf1 43.Nxf3 Qg2# 0-1

[Event "Nordic Championship"]
[Site "Vaxjo"]
[Date "2017.07.02"]
[Round "9.36"]
[White "Ottosson, Bjorn"]
[Black "Johansson, Robert"]
[Result "1-0"]
[WhiteElo "1761"]
[BlackElo "1397"]

1.c4 e6 2.Nc3 d5 3.cxd5 exd5 4.d4 Nf6 5.Nf3 Nbd7 6.g3 Be7 7.Bg2 O-O 8.O-O 
c6 9.Re1 Re8 10.Bf4 Nf8 11.Ne5 Bd6 12.e4 Qa5 13.Nxc6 bxc6 14.Bxd6 Bg4 15.
Qd3 Rad8 16.b4 Qb6 17.Bc5 Qb7 18.exd5 cxd5 19.Qb5 Qxb5 20.Nxb5 Rd7 21.Rxe8
Nxe8 22.Nxa7 Ne6 23.Nb5 1-0

[Event "Nordic Championship Women"]
[Site "Vaxjo"]
[Date "2017.07.02"]
[Round "7.1"]
[White "Ptacnikova, Lenka"]
[Black "Cramling, Anna"]
[Result "1-0"]
[WhiteElo "2207"]
[BlackElo "1912"]

1.e4 c5 2.Nf3 d6 3.d4 cxd4 4.Nxd4 Nf6 5.Nc3 a6 6.Be3 e6 7.f3 b5 8.Qd2 Nbd7
9.g4 Nb6 10.g5 Nfd7 11.Qf2 Bb7 12.a4 b4 13.Na2 d5 14.a5 Nc4 15.Bxc4 dxc4 
16.Nc1 Rc8 17.b3 e5 18.Nf5 Qc7 19.O-O g6 20.Ng3 Bc5 21.bxc4 Bxe3 22.Qxe3 
Qxc4 23.Nd3 Qc3 24.Rab1 Bc6 25.Ne2 Qc4 26.Nxb4 Bb5 27.Rf2 Qe6 28.Nc3 Bc4 
29.Nbd5 O-O 30.Rb7 Kg7 31.Qa7 Nb8 32.Rb6 Qh3 33.Qe7 Rfe8 34.Qf6+ Kg8 35.
Ne7+ Rxe7 36.Qxe7 Qh4 37.Rd6 Nc6 38.Qf6 Nd4 39.Rd8+ Rxd8 40.Qxd8+ Kg7 41.
Qf6+ Kg8 42.Qxe5 Nxc2 43.Qg3 Qxg3+ 44.hxg3 Nd4 45.Nd5 h6 46.gxh6 Kh7 47.
Ne3 Be6 48.Ng4 f5 49.Nf6+ Kxh6 50.e5 Kg7 51.f4 g5 52.Rb2 gxf4 53.gxf4 Nb5 
54.Kf2 Kf8 55.Rc2 Nd4 56.Rc7 Nb3 57.Rc6 Kf7 58.Rxa6 Bc4 59.Ra7+ Ke6 60.a6 
Bd3 61.Rd7 1-0

[Event "Nordic Championship Women"]
[Site "Vaxjo"]
[Date "2017.07.02"]
[Round "7.2"]
[White "Berg Laachiri, Susanna"]
[Black "Kakulidis, Ellen"]
[Result "1/2-1/2"]
[WhiteElo "1911"]
[BlackElo "1914"]

1.e4 e6 2.d4 d5 3.exd5 exd5 4.c4 Bb4+ 5.Nc3 Ne7 6.Bd3 O-O 7.Nf3 dxc4 8.
Bxc4 Bg4 9.O-O Nbc6 10.Be3 Nf5 11.d5 Ne5 12.Be2 Nxf3+ 13.Bxf3 Bxf3 14.Qxf3
Nxe3 15.fxe3 Bd6 16.Qh5 Qe7 17.Rf3 Qe5 18.Qxe5 Bxe5 19.Rc1 a6 20.Ne4 Rad8 
21.d6 cxd6 22.Ng5 Bf6 23.Rf5 Bxg5 24.Rxg5 h6 25.Rd5 Rc8 26.Rcd1 Rc2 27.b4 
Rxa2 28.Rxd6 Re8 29.R1d3 Rc8 30.Rd8+ Rxd8 31.Rxd8+ Kh7 32.Rd7 Re2 33.Rxb7 
Rxe3 34.Rxf7 Rb3 35.Ra7 Rxb4 36.Rxa6 Rb1+ 37.Kf2 Rb2+ 38.Kf3 Rb3+ 39.Kf2 
Rb2+ 40.Kf3 Rb3+ 41.Kf2 1/2-1/2

[Event "Nordic Championship Women"]
[Site "Vaxjo"]
[Date "2017.07.02"]
[Round "7.3"]
[White "Lindberg, Cajsa"]
[Black "Johansson, Viktoria"]
[Result "0-1"]
[WhiteElo "1734"]
[BlackElo "2114"]

1.d4 d5 2.c4 c6 3.cxd5 cxd5 4.Bf4 Nc6 5.e3 a6 6.Bd3 e6 7.Nc3 Nf6 8.h3 Bd6 
9.Bxd6 Qxd6 10.Nf3 O-O 11.O-O b5 12.Rc1 Bb7 13.Qe2 Rac8 14.Ra1 Na5 15.Rfc1
Ne4 16.Bxe4 dxe4 17.Nd2 f5 18.Qd1 e5 19.Nb3 Nc4 20.Nc5 Ba8 21.b3 exd4 22.
bxc4 Qxc5 23.exd4 Qxc4 24.Ne2 Qd5 25.Qb3 Qxb3 26.axb3 Bd5 27.b4 Rxc1+ 28.
Rxc1 Bc4 29.Kf1 Rd8 30.Ke1 Bxe2 31.Kxe2 Rxd4 32.Rc6 Rxb4 33.Rxa6 Kf7 34.
Rb6 h6 35.g3 g6 36.h4 Rb2+ 37.Ke3 b4 38.Kd4 Rxf2 39.Rxb4 Rf3 40.Rb7+ Ke8 
41.Rb8+ Kd7 42.g4 Rf4 43.gxf5 gxf5 44.Ke5 Rxh4 45.Kxf5 Kd6 46.Re8 Kd5 47.
Re7 Kd4 48.Ra7 Kd3 49.Ra3+ Ke2 50.Ra4 Kf3 51.Rb4 Rf4+ 52.Ke5 Rg4 53.Kf5 
Rg5+ 54.Kf6 e3 55.Rb3 Kf2 0-1

[Event "Nordic Championship Women"]
[Site "Vaxjo"]
[Date "2017.07.02"]
[Round "7.4"]
[White "Olsson, Linn"]
[Black "Fredericia, Louise"]
[Result "0-1"]
[WhiteElo "1796"]
[BlackElo "2089"]

1.d4 e6 2.c4 f5 3.Nc3 Bb4 4.Nf3 Bxc3+ 5.bxc3 d6 6.Qc2 Nf6 7.Bg5 O-O 8.e3 
Qe8 9.Bd3 Nc6 10.Bxf6 Rxf6 11.O-O e5 12.dxe5 dxe5 13.Be2 Kh8 14.Rad1 Be6 
15.Ng5 Bg8 16.e4 f4 17.Nf3 Na5 18.c5 Qe7 19.Rb1 a6 20.c6 Rxc6 21.Rb4 Qxb4 
22.cxb4 Rxc2 23.Bd1 Rxa2 24.bxa5 Rxa5 25.Be2 Rd8 26.h3 h6 27.Rc1 Rd7 28.
Rc3 Be6 29.Nh2 Ra2 0-1